000 00437nam a2200121Ia 4500
003 GCL
008 140319s9999 xx 000 0 ara d
040 _aGCL /
_cGCL
082 0 4 _a923.2532
_bص ب
245 1 0 _aنبلاء اليمن بالقرن الثانى عشر للهجرة : نشر العرف لنبلاء اليمن بعد الالف
260 _a[S.N] :
_bمركز الدراسات والبحوث اليمنى ،
_c1985
490 _a
999 _c35592
_d35592